000 00769nam a22002177a 4500
003 UA-OsUOA
001 72422
007 ta
008 20110118b un ||||| |||| 00| 0 ukr d
100 _aКульчицький С.
090 _a94(477)
_bК90
942 _cSA
040 _aUA-OsUOA
_bukr
_cUA-OsUOA
_dUA-OsUOA
245 _a"Польська операція" у Великому терорі 1937-1938 рр. Репресії здійснювалися в Радянському Союзі не тільки за соціальною, але й нціональною ознакою
300 _aС.4
955 _a0
041 _aukr
080 _a94(477)
773 0 _w72420
650 7 _a9 Географія. Біографії. Історія
_2UDC
999 _c358706
_d358706